Health psychology (Record no. 953715)

MARC details
000 -LEADER
fixed length control field 00775nam a2200253Ia 4500
003 - CONTROL NUMBER IDENTIFIER
control field OSt
005 - DATE AND TIME OF LATEST TRANSACTION
control field 20221005044644.0
008 - FIXED-LENGTH DATA ELEMENTS--GENERAL INFORMATION
fixed length control field 221004b |||||||| |||| 00| 0 eng d
020 ## - INTERNATIONAL STANDARD BOOK NUMBER
International Standard Book Number 9789385302374 (hbk)
037 ## - SOURCE OF ACQUISITION
Terms of availability Textual
040 ## - CATALOGING SOURCE
Original cataloging agency CRL
Transcribing agency CRL
Language of cataloging eng
041 ## - LANGUAGE CODE
Source of code eng
Language code of text/sound track or separate title eng
100 ## - MAIN ENTRY--PERSONAL NAME
Personal name Tajne Madhukar K.
9 (RLIN) 592689
245 #0 - TITLE STATEMENT
Title Health psychology
Remainder of title basic issues and processes
260 ## - PUBLICATION, DISTRIBUTION, ETC.
Place of publication, distribution, etc. Jaipur
Name of publisher, distributor, etc. Ishika publishing house India
Date of publication, distribution, etc. 2017
300 ## - PHYSICAL DESCRIPTION
Extent viii,236p.
Dimensions cm.
650 ## - SUBJECT ADDED ENTRY--TOPICAL TERM
Topical term or geographic name entry element MENTAL ILLNESS
9 (RLIN) 33226
942 ## - ADDED ENTRY ELEMENTS (KOHA)
Classification part S:86, Q7
Koha item type Textual
Source of classification or shelving scheme
Holdings
Withdrawn status Lost status Damaged status Not for loan Home library Current library Date acquired Source of acquisition Total Checkouts Full call number Barcode Date last seen Price effective from Koha item type
        Central Library Central Library 2022-10-05 75, 14/03/2017, Mallika Books   S:86 Q7 CL1640452 2022-10-05 2022-10-05 Textual
Copyright @ Delhi University Library System